[Event "34. Copenhagen Open (Politiken Cup)"]
[Site "Elsinore"]
[Date "2012.08.02"]
[Round "7"]
[White "Haagen Larsen, Hans"]
[Black "Hansen, Rasmus Agertoft"]
[Result "0-1"]
[WhiteElo "1775"]
[BlackElo "1946"]
[PlyCount "64"]
[EventDate "2012.07.28"]
[EventType "swiss"]
[EventRounds "10"]
[EventCountry "DEN"]
[Source "ChessBase"]
[SourceDate "2012.08.24"]

1. e4 d6 2. d4 Nf6 3. Nc3 g6 4. Be3 c6 5. Bd3 b5 6. Qd2 a5 7. a3 Nbd7 8. Bh6
Bxh6 9. Qxh6 Qb6 10. Nf3 Ba6 11. b4 Bc8 12. O-O Nh5 13. e5 dxe5 14. dxe5 Nf8
15. Ne4 Bg4 16. Qe3 Qxe3 17. fxe3 Nd7 18. Nc5 Nxc5 19. bxc5 Bxf3 20. gxf3 Ng7
21. Be4 Kd7 22. Rfd1+ Kc7 23. c4 b4 24. axb4 axb4 25. f4 Rhd8 26. Rab1 Rxd1+
27. Rxd1 Ne6 28. Bf3 b3 29. Kf2 Nxc5 30. Rb1 Ra2+ 31. Kg3 b2 32. Kg4 Nb3 0-1

[Event "34. Copenhagen Open (Politiken Cup)"]
[Site "Elsinore"]
[Date "2012.08.02"]
[Round "7"]
[White "Larsen, Ulrik Jejlskov"]
[Black "Tari, Aryan"]
[Result "0-1"]
[WhiteElo "2010"]
[BlackElo "2256"]
[PlyCount "70"]
[EventDate "2012.07.28"]
[EventType "swiss"]
[EventRounds "10"]
[EventCountry "DEN"]
[Source "ChessBase"]
[SourceDate "2012.08.24"]

1. e4 c5 2. Nc3 Nc6 3. g3 g6 4. Bg2 Bg7 5. d3 d6 6. f4 e6 7. Nf3 Nge7 8. O-O
O-O 9. Be3 b6 10. Rb1 d5 11. Bf2 dxe4 12. dxe4 Ba6 13. Re1 Bxc3 14. bxc3 Qxd1
15. Rbxd1 Rad8 16. g4 f6 17. Bh4 Kg7 18. e5 fxe5 19. Nxe5 Rxd1 20. Rxd1 Nxe5
21. Bxe7 Rf7 22. fxe5 Rxe7 23. g5 h6 24. h4 hxg5 25. hxg5 Bc4 26. a3 Rf7 27.
Be4 Bb5 28. Bd3 c4 29. Be2 Rf5 30. Rd4 Rxg5+ 31. Kf2 Rf5+ 32. Kg3 Rxe5 33. Bxc4
Bxc4 34. Rxc4 Rc5 35. Re4 Rxc3+ 0-1

[Event "34. Copenhagen Open (Politiken Cup)"]
[Site "Elsinore"]
[Date "2012.08.02"]
[Round "7"]
[White "Maagaard, David Bille"]
[Black "Hinrichs, Jan"]
[Result "0-1"]
[WhiteElo "1843"]
[BlackElo "2008"]
[PlyCount "66"]
[EventDate "2012.07.28"]
[EventType "swiss"]
[EventRounds "10"]
[EventCountry "DEN"]
[Source "ChessBase"]
[SourceDate "2012.08.24"]

1. d4 Nf6 2. c4 b6 3. Nc3 Bb7 4. f3 d5 5. e3 e6 6. Bd3 Nbd7 7. Nge2 c5 8. b3
Rc8 9. O-O cxd4 10. exd4 Bd6 11. Bf4 Bxf4 12. Nxf4 O-O 13. Nb5 e5 14. dxe5 Nxe5
15. Nxa7 Nxd3 16. Nxd3 dxc4 17. Nxc8 cxd3 18. Na7 b5 19. Qd2 Qd7 20. a4 Bxf3
21. Rxf3 Qd4+ 22. Qf2 Qxa1+ 23. Qf1 Qd4+ 24. Qf2 Qa1+ 25. Qf1 Qd4+ 26. Qf2
Qxf2+ 27. Kxf2 Rd8 28. Ke1 bxa4 29. bxa4 d2+ 30. Kd1 Ne4 31. Nb5 Rc8 32. Ke2
Rc1 33. Nc3 Rxc3 0-1

[Event "34. Copenhagen Open (Politiken Cup)"]
[Site "Elsinore"]
[Date "2012.08.02"]
[Round "7"]
[White "Madsen, Svend Aage"]
[Black "Hedlerfog, Robert"]
[Result "0-1"]
[WhiteElo "2074"]
[BlackElo "1714"]
[PlyCount "76"]
[EventDate "2012.07.28"]
[EventType "swiss"]
[EventRounds "10"]
[EventCountry "DEN"]
[Source "ChessBase"]
[SourceDate "2012.08.24"]

1. d4 f5 2. Nf3 Nf6 3. Bg5 e6 4. Nbd2 Be7 5. e3 O-O 6. Bd3 b6 7. c3 Bb7 8. Qb3
Kh8 9. Qc2 d5 10. Ne5 c5 11. O-O-O Ne4 12. Bxe7 Qxe7 13. Rdf1 cxd4 14. exd4 Qg5
15. f4 Qxg2 16. Ndf3 Qxc2+ 17. Bxc2 Ba6 18. Re1 Nf2 19. Rhg1 Nh3 20. Rg3 Nxf4
21. Ng5 Ne2+ 22. Rxe2 Bxe2 23. Nxe6 Na6 24. Nxg7 f4 25. Rh3 Kxg7 26. Rxh7+ Kf6
27. Rh6+ Ke7 28. Ng6+ Kd7 29. Ne5+ Kc8 30. Bb3 Nc7 31. Nc6 Kb7 32. Ne7 Rad8 33.
Rh7 Rd7 34. Ng6 Rxh7 35. Nxf8 Rf7 36. Ne6 f3 37. Nxc7 Kxc7 38. Bxd5 f2 0-1

[Event "34. Copenhagen Open (Politiken Cup)"]
[Site "Elsinore"]
[Date "2012.08.02"]
[Round "7"]
[White "Marder, Simon"]
[Black "Hoyer, Jacob K"]
[Result "0-1"]
[WhiteElo "2013"]
[BlackElo "2141"]
[PlyCount "54"]
[EventDate "2012.07.28"]
[EventType "swiss"]
[EventRounds "10"]
[EventCountry "DEN"]
[Source "ChessBase"]
[SourceDate "2012.08.24"]

1. e4 c6 2. d4 d5 3. f3 dxe4 4. fxe4 e5 5. Nf3 exd4 6. Bc4 Be7 7. O-O Nf6 8.
Ng5 O-O 9. Nxf7 Rxf7 10. Bxf7+ Kxf7 11. e5 Nbd7 12. exf6 Nxf6 13. Nd2 Kg8 14.
Nf3 c5 15. c3 d3 16. Ne5 c4 17. Be3 Qd5 18. Bf4 Bf5 19. b3 Ne4 20. Nxc4 Nxc3
21. Qd2 Ne2+ 22. Kh1 Be4 23. Rf2 Rf8 24. Ne3 Qd4 25. Raf1 Bb4 26. Be5 Rxf2 27.
Rxf2 Qb6 0-1

[Event "34. Copenhagen Open (Politiken Cup)"]
[Site "Elsinore"]
[Date "2012.08.02"]
[Round "7"]
[White "Merkesvik, Sondre"]
[Black "Skjoldager, Per"]
[Result "1/2-1/2"]
[WhiteElo "1892"]
[BlackElo "2062"]
[PlyCount "38"]
[EventDate "2012.07.28"]
[EventType "swiss"]
[EventRounds "10"]
[EventCountry "DEN"]
[Source "ChessBase"]
[SourceDate "2012.08.24"]

1. Nf3 Nf6 2. g3 e6 3. Bg2 d5 4. O-O b6 5. c4 Bb7 6. d3 Be7 7. Nc3 O-O 8. cxd5
exd5 9. Nd4 Qd7 10. e4 c5 11. Nf5 Rd8 12. Bh3 Kh8 13. e5 Ne8 14. Qh5 g6 15.
Nxe7 gxh5 16. Bxd7 Rxd7 17. Bg5 h6 18. Bh4 Nc6 19. Nxc6 Bxc6 1/2-1/2

[Event "34. Copenhagen Open (Politiken Cup)"]
[Site "Elsinore"]
[Date "2012.08.02"]
[Round "7"]
[White "Moerling, Joakim"]
[Black "Thaler, Toni"]
[Result "1/2-1/2"]
[WhiteElo "1685"]
[BlackElo "2075"]
[PlyCount "34"]
[EventDate "2012.07.28"]
[EventType "swiss"]
[EventRounds "10"]
[EventCountry "DEN"]
[Source "ChessBase"]
[SourceDate "2012.08.24"]

1. d4 f5 2. g3 g6 3. c4 Nh6 4. Nf3 Nf7 5. Nc3 Bg7 6. Bg2 O-O 7. O-O c6 8. e4 d6
9. d5 e5 10. dxe6 Bxe6 11. exf5 Bxf5 12. Be3 Qc8 13. Re1 Bh3 14. Bd4 Bxg2 15.
Kxg2 Nd7 16. Bxg7 Kxg7 17. Ne4 Nde5 1/2-1/2

[Event "34. Copenhagen Open (Politiken Cup)"]
[Site "Elsinore"]
[Date "2012.08.02"]
[Round "7"]
[White "Mortensen, Henrik"]
[Black "Nassetti, Francesco"]
[Result "0-1"]
[WhiteElo "2018"]
[BlackElo "1843"]
[PlyCount "128"]
[EventDate "2012.07.28"]
[EventType "swiss"]
[EventRounds "10"]
[EventCountry "DEN"]
[Source "ChessBase"]
[SourceDate "2012.08.24"]

1. e4 Nf6 2. e5 Nd5 3. d4 d6 4. Bc4 Nb6 5. Bb3 dxe5 6. Qh5 e6 7. dxe5 Qd4 8.
Nf3 Qe4+ 9. Be3 Nc6 10. Nbd2 Qg6 11. Qxg6 hxg6 12. O-O-O Na5 13. c4 Nxb3+ 14.
axb3 Nd7 15. Ne4 Be7 16. Kc2 b6 17. Bf4 Bb7 18. Rhe1 Nc5 19. Nc3 Na6 20. Nb5
Bc5 21. Bg3 O-O 22. Bh4 Rfc8 23. Re2 Nb4+ 24. Kb1 a6 25. Nc3 b5 26. Ne4 Bf8 27.
Neg5 Be7 28. Rd7 Rd8 29. Red2 Rxd7 30. Rxd7 Rd8 31. Rxd8+ Bxd8 32. Kc1 Bxf3 33.
Nxf3 Bxh4 34. Nxh4 Nd3+ 35. Kc2 Nxe5 36. Kc3 Nc6 37. Nf3 e5 38. Nd2 f5 39. b4
Nd4 40. Nf1 Kf7 41. Ne3 c6 42. Kd3 Ne6 43. g3 e4+ 44. Kc3 Kf6 45. Nc2 Ke5 46.
Na1 Nd4 47. cxb5 axb5 48. h4 Kd5 49. Kd2 Kc4 50. Ke3 Kd5 51. Kf4 Ne6+ 52. Ke3
c5 53. bxc5 Nxc5 54. f3 Kc4 55. g4 b4 56. h5 exf3 57. Kxf3 fxg4+ 58. Kxg4 gxh5+
59. Kxh5 Kd3 60. Kg6 Kd2 61. Kxg7 Kc1 62. Kf6 Kb1 63. Ke5 Kxa1 64. Kd4 Kxb2 0-1

[Event "34. Copenhagen Open (Politiken Cup)"]
[Site "Elsinore"]
[Date "2012.08.02"]
[Round "7"]
[White "Nielsen, Aage Sondergaard"]
[Black "Larsen, Peter"]
[Result "0-1"]
[WhiteElo "1957"]
[BlackElo "2206"]
[PlyCount "74"]
[EventDate "2012.07.28"]
[EventType "swiss"]
[EventRounds "10"]
[EventCountry "DEN"]
[Source "ChessBase"]
[SourceDate "2012.08.24"]

1. e4 c6 2. Nc3 d5 3. Nf3 dxe4 4. Nxe4 Nd7 5. Bc4 e6 6. O-O Ngf6 7. d3 Nb6 8.
Bb3 Be7 9. Qe2 O-O 10. Bd2 Nbd5 11. Rfe1 Qc7 12. Rad1 b6 13. Bc3 Nxe4 14. Qxe4
Nxc3 15. bxc3 Bb7 16. Qg4 c5 17. Re3 Bf6 18. Ng5 h6 19. Ne4 Bxe4 20. Qxe4 Bxc3
21. g4 Rad8 22. Qg2 Qe7 23. Rf1 Rd4 24. f4 c4 25. dxc4 Qc5 26. Qf3 Bd2 27. Re5
Rd5+ 28. Kg2 Rxe5 29. fxe5 Qxe5 30. Rf2 Bb4 31. Re2 Qg5 32. c3 Bc5 33. Bc2 f5
34. h3 Qc1 35. Kg3 Bd6+ 36. Kg2 fxg4 37. Qe4 Qf1# 0-1

[Event "34. Copenhagen Open (Politiken Cup)"]
[Site "Elsinore"]
[Date "2012.08.02"]
[Round "7"]
[White "Nielsen, Hogni Egilstoft"]
[Black "Hinrichs, Lars"]
[Result "1/2-1/2"]
[WhiteElo "2057"]
[BlackElo "1877"]
[PlyCount "101"]
[EventDate "2012.07.28"]
[EventType "swiss"]
[EventRounds "10"]
[EventCountry "DEN"]
[Source "ChessBase"]
[SourceDate "2012.08.24"]

1. e4 c5 2. c3 d5 3. exd5 Qxd5 4. d4 g6 5. Nf3 Bg7 6. Be3 cxd4 7. cxd4 Nc6 8.
Nc3 Qa5 9. d5 Ne5 10. Nxe5 Bxe5 11. Bb5+ Kf8 12. Bd4 Bf6 13. O-O Kg7 14. Re1
Qb4 15. Bxf6+ Nxf6 16. Qe2 a6 17. Ba4 b5 18. Bb3 Re8 19. Qe5 Bf5 20. Rad1 Rad8
21. h3 Qd6 22. g4 Qxe5 23. Rxe5 Bc8 24. Rde1 Kf8 25. a3 Nd7 26. R5e3 Nc5 27.
Bc2 e6 28. b4 Nb7 29. Bb3 exd5 30. Bxd5 Nd6 31. f3 Bb7 32. Bxb7 Rxe3 33. Rxe3
Nxb7 34. Ne4 Rd1+ 35. Kf2 Nd6 36. Nf6 Kg7 37. g5 h6 38. f4 hxg5 39. fxg5 Rd4
40. Ke2 Rh4 41. Kf2 Rd4 42. Re7 Rh4 43. Ra7 Rxh3 44. Kg2 Rh8 45. Rxa6 Nc4 46.
Kg3 Rh1 47. Ne8+ Kf8 48. Nc7 Rg1+ 49. Kf4 Rf1+ 50. Ke4 Rf5 51. Ra8+ 1/2-1/2

[Event "34. Copenhagen Open (Politiken Cup)"]
[Site "Elsinore"]
[Date "2012.08.02"]
[Round "7"]
[White "Nielsen, Jens Holm"]
[Black "Clementsson, Jan"]
[Result "0-1"]
[WhiteElo "1914"]
[BlackElo "2115"]
[PlyCount "52"]
[EventDate "2012.07.28"]
[EventType "swiss"]
[EventRounds "10"]
[EventCountry "DEN"]
[Source "ChessBase"]
[SourceDate "2012.08.24"]

1. Nc3 e6 2. f4 b6 3. Nf3 Bb7 4. e3 Nf6 5. d3 d5 6. Bd2 c5 7. Ne2 Bd6 8. g3 Nc6
9. d4 Ne4 10. c3 h5 11. Bh3 f5 12. Neg1 Qc7 13. Ne5 g5 14. Bg2 Bxe5 15. fxe5
O-O-O 16. Qf3 h4 17. Ne2 h3 18. Bf1 Nxe5 19. dxe5 Nxd2 20. Kxd2 d4 21. e4 Bxe4
22. Qf2 dxc3+ 23. Kxc3 Rd3+ 24. Kc4 b5+ 25. Kxb5 Qb6+ 26. Kc4 Qb4# 0-1

[Event "34. Copenhagen Open (Politiken Cup)"]
[Site "Elsinore"]
[Date "2012.08.02"]
[Round "7"]
[White "Nilsson, Patrik1"]
[Black "Hojgaard, Brandur"]
[Result "1-0"]
[WhiteElo "2078"]
[BlackElo "1686"]
[PlyCount "35"]
[EventDate "2012.07.28"]
[EventType "swiss"]
[EventRounds "10"]
[EventCountry "DEN"]
[Source "ChessBase"]
[SourceDate "2012.08.24"]

1. e4 e5 2. Nf3 Nc6 3. d4 exd4 4. Bc4 Be7 5. c3 dxc3 6. Qd5 Nh6 7. Bxh6 O-O 8.
Bc1 Nb4 9. Qh5 Nc2+ 10. Kd1 Nxa1 11. Nxc3 c6 12. h4 d5 13. exd5 Be6 14. Bd3 g6
15. Qh6 Bg4 16. h5 Bxf3+ 17. gxf3 f5 18. hxg6 1-0

[Event "34. Copenhagen Open (Politiken Cup)"]
[Site "Elsinore"]
[Date "2012.08.02"]
[Round "7"]
[White "Ochsner, Bjorn Moller"]
[Black "Starostits, Ilmars"]
[Result "1/2-1/2"]
[WhiteElo "2290"]
[BlackElo "2494"]
[PlyCount "71"]
[EventDate "2012.07.28"]
[EventType "swiss"]
[EventRounds "10"]
[EventCountry "DEN"]
[Source "ChessBase"]
[SourceDate "2012.08.24"]

1. e4 c6 2. d4 d5 3. Nc3 a6 4. h3 dxe4 5. Nxe4 Bf5 6. Ng3 Bg6 7. Nf3 e6 8. Ne5
Nd7 9. Nxg6 hxg6 10. Qf3 Ngf6 11. c3 Be7 12. Bc4 Qa5 13. O-O Rd8 14. Re1 Kf8
15. Bf4 Kg8 16. a4 Re8 17. b4 Qb6 18. Rab1 Nd5 19. Bd2 N7f6 20. Bd3 Nc7 21. Bf4
Ncd5 22. Bd2 Nc7 23. Nf1 Rd8 24. Ne3 Ncd5 25. Nc4 Qc7 26. a5 Bd6 27. Ne5 Qe7
28. Re2 g5 29. Rb3 Nd7 30. Bc2 Qf6 31. Bxg5 Nxe5 32. Qxf6 gxf6 33. dxe5 fxg5
34. exd6 Rh4 35. Re5 Rxd6 36. Rxg5+ 1/2-1/2

[Event "34. Copenhagen Open (Politiken Cup)"]
[Site "Elsinore"]
[Date "2012.08.02"]
[Round "7"]
[White "Pedersen, Carl Aage"]
[Black "Andersen, Daniel"]
[Result "0-1"]
[WhiteElo "1739"]
[BlackElo "1870"]
[PlyCount "62"]
[EventDate "2012.07.28"]
[EventType "swiss"]
[EventRounds "10"]
[EventCountry "DEN"]
[Source "ChessBase"]
[SourceDate "2012.08.24"]

1. d4 Nf6 2. Nf3 g6 3. g3 Bg7 4. Bg2 O-O 5. O-O d5 6. c3 c5 7. e3 b6 8. Nbd2
Bb7 9. Ne5 Nbd7 10. Nxd7 Nxd7 11. f4 e6 12. b4 cxb4 13. cxb4 Ba6 14. Re1 Qc7
15. Bb2 Bc4 16. Rc1 b5 17. Nb3 Qd6 18. a3 Bxb3 19. Qxb3 Nb6 20. Bf1 Nc4 21. Rc2
Qd7 22. Ra1 Rfc8 23. a4 Bf8 24. axb5 Qxb5 25. Rac1 a5 26. Bxc4 dxc4 27. Rxc4
Rxc4 28. Rxc4 axb4 29. Kf2 Qd5 30. Qc2 Qh1 31. h4 Ra2 0-1

[Event "34. Copenhagen Open (Politiken Cup)"]
[Site "Elsinore"]
[Date "2012.08.02"]
[Round "7"]
[White "Pedersen, Christopher RNH"]
[Black "Nielsen, Rogvi Egilstoft"]
[Result "0-1"]
[WhiteElo "2041"]
[BlackElo "2203"]
[PlyCount "92"]
[EventDate "2012.07.28"]
[EventType "swiss"]
[EventRounds "10"]
[EventCountry "DEN"]
[Source "ChessBase"]
[SourceDate "2012.08.24"]

1. e4 e5 2. d4 exd4 3. Qxd4 Nc6 4. Qe3 Nf6 5. Bd2 b6 6. Nc3 Bb4 7. O-O-O O-O 8.
Qg3 Re8 9. Bd3 Ne5 10. f4 Nxd3+ 11. cxd3 d6 12. h3 c5 13. Qf3 Bb7 14. Nge2 c4
15. Nd5 Bxd2+ 16. Rxd2 cxd3 17. Nec3 Nxd5 18. exd5 Ba6 19. g4 Qf6 20. Kb1 Rad8
21. h4 Re7 22. g5 Qf5 23. Rhd1 Rde8 24. Qf2 Re2 25. Qd4 Rxd2 26. Rxd2 Re1+ 27.
Nd1 Qe4 28. Qxe4 Rxe4 29. Rf2 Bc4 30. Rf3 Rd4 31. Kc1 Bxd5 32. Rf2 Bxa2 33. Kd2
Be6 34. Nc3 Bf5 35. Nb5 Rd5 36. Nxa7 Bd7 37. b4 Kf8 38. Rf3 Ke7 39. Rxd3 Ke6
40. b5 Rxd3+ 41. Kxd3 Kd5 42. h5 h6 43. Ke3 f6 44. gxf6 gxf6 45. f5 Kc5 46. Kf4
d5 0-1

[Event "34. Copenhagen Open (Politiken Cup)"]
[Site "Elsinore"]
[Date "2012.08.02"]
[Round "7"]
[White "Pedersen, Jan Kaas"]
[Black "Satre, Roger"]
[Result "1/2-1/2"]
[WhiteElo "2044"]
[BlackElo "1866"]
[PlyCount "33"]
[EventDate "2012.07.28"]
[EventType "swiss"]
[EventRounds "10"]
[EventCountry "DEN"]
[Source "ChessBase"]
[SourceDate "2012.08.24"]

1. d4 d5 2. Nf3 e6 3. Bg5 Nf6 4. e3 Nbd7 5. Bd3 c5 6. c3 Qb6 7. Qc1 Bd6 8. Nbd2
O-O 9. O-O Re8 10. e4 dxe4 11. Nxe4 Nxe4 12. Bxe4 cxd4 13. cxd4 e5 14. dxe5
Nxe5 15. Qc2 Nxf3+ 16. Bxf3 Bc5 17. Be4 1/2-1/2

[Event "34. Copenhagen Open (Politiken Cup)"]
[Site "Elsinore"]
[Date "2012.08.02"]
[Round "7"]
[White "Petersen, Peter Birk"]
[Black "Zude, Erik"]
[Result "0-1"]
[WhiteElo "2155"]
[BlackElo "2384"]
[PlyCount "68"]
[EventDate "2012.07.28"]
[EventType "swiss"]
[EventRounds "10"]
[EventCountry "DEN"]
[Source "ChessBase"]
[SourceDate "2012.08.24"]

1. e4 c5 2. Nf3 d6 3. d4 cxd4 4. Nxd4 Nf6 5. Nc3 a6 6. Be2 e5 7. Nb3 Be7 8. O-O
O-O 9. a4 Be6 10. Be3 Nbd7 11. a5 Rc8 12. f3 Qc7 13. Rf2 Qc6 14. Bf1 d5 15.
exd5 Nxd5 16. Nxd5 Bxd5 17. Rd2 Nf6 18. Bg5 Bxb3 19. cxb3 Bc5+ 20. Kh1 Bd4 21.
Bxf6 Qxf6 22. b4 Rc7 23. Rc2 Rfc8 24. Rxc7 Rxc7 25. b5 axb5 26. a6 bxa6 27.
Bxb5 Ra7 28. Bc4 g6 29. Rb1 a5 30. b3 h5 31. g3 h4 32. Kg2 Kg7 33. Qd2 h3+ 34.
Kxh3 Qf5+ 0-1

[Event "34. Copenhagen Open (Politiken Cup)"]
[Site "Elsinore"]
[Date "2012.08.02"]
[Round "7"]
[White "Pettersen, Joar Gullestad"]
[Black "Nielsen, Michael1"]
[Result "0-1"]
[WhiteElo "2007"]
[BlackElo "2127"]
[PlyCount "90"]
[EventDate "2012.07.28"]
[EventType "swiss"]
[EventRounds "10"]
[EventCountry "DEN"]
[Source "ChessBase"]
[SourceDate "2012.08.24"]

1. e4 c5 2. Nf3 d6 3. d4 cxd4 4. Nxd4 Nf6 5. Nc3 a6 6. h3 e5 7. Nde2 Nc6 8. g4
Be7 9. Bg2 Be6 10. Be3 Qa5 11. O-O h5 12. g5 Nh7 13. Qd2 f6 14. f4 fxg5 15.
fxg5 h4 16. a3 Qd8 17. Nd5 Bxg5 18. Bxg5 Nxg5 19. Nc7+ Qxc7 20. Qxg5 Qe7 21.
Qd2 g5 22. Nc3 O-O-O 23. Nd5 Qg7 24. Qc3 g4 25. Kh1 Kb8 26. Nf6 gxh3 27. Bxh3
Bxh3 28. Qxh3 Qg3 29. Rf3 Qg6 30. Rg1 Qh6 31. c3 Ka8 32. Rg2 Ne7 33. Nd7 Qc1+
34. Kh2 Rhg8 35. Nf6 Rg3 36. Rgxg3 hxg3+ 37. Kxg3 Ng6 38. Rf2 Nf4 39. Qf1 Qe3+
40. Rf3 Qc5 41. Qf2 Qc8 42. Ng4 Nh5+ 43. Kh3 Rh8 44. Qg1 Nf4+ 45. Kg3 Ne2+ 0-1

[Event "34. Copenhagen Open (Politiken Cup)"]
[Site "Elsinore"]
[Date "2012.08.02"]
[Round "7"]
[White "Philipsen, William Horup"]
[Black "Franzen, Per Erik"]
[Result "0-1"]
[WhiteElo "1905"]
[BlackElo "2043"]
[PlyCount "52"]
[EventDate "2012.07.28"]
[EventType "swiss"]
[EventRounds "10"]
[EventCountry "DEN"]
[Source "ChessBase"]
[SourceDate "2012.08.24"]

1. e4 c5 2. d4 cxd4 3. c3 d3 4. Bxd3 d6 5. f4 Nf6 6. Nf3 e6 7. c4 Be7 8. O-O
Qc7 9. Nc3 a6 10. Be3 Ng4 11. Bd4 Nc6 12. Ng5 Nxh2 13. Bxg7 Rg8 14. Bh6 Nxf1
15. Qh5 Bxg5 16. Bxg5 Qb6+ 17. c5 Ng3 18. Qxh7 Qxc5+ 19. Kh2 Rxg5 20. Qh8+ Kd7
21. fxg5 Qxg5 22. Qh3 Nh5 23. Nd5 Ne5 24. Rf1 Ng4+ 25. Kh1 exd5 26. Rf5 Qxf5
0-1

[Event "34. Copenhagen Open (Politiken Cup)"]
[Site "Elsinore"]
[Date "2012.08.02"]
[Round "7"]
[White "Popovic, Dusan"]
[Black "Svane, Rasmus"]
[Result "1/2-1/2"]
[WhiteElo "2579"]
[BlackElo "2367"]
[PlyCount "45"]
[EventDate "2012.07.28"]
[EventType "swiss"]
[EventRounds "10"]
[EventCountry "DEN"]
[Source "ChessBase"]
[SourceDate "2012.08.24"]

1. e4 e6 2. d4 d5 3. Nd2 c5 4. Ngf3 cxd4 5. Nxd4 Nf6 6. exd5 Qxd5 7. Nb5 Na6 8.
Nc3 Qd8 9. Bc4 Bd7 10. O-O Be7 11. Qe2 Nb4 12. Nf3 O-O 13. Rd1 Qb6 14. a3 Nc6
15. Be3 Qa5 16. Bg5 Rad8 17. Nb5 Qb6 18. Be3 Bc5 19. Bf4 e5 20. Bxe5 Nxe5 21.
Nxe5 Bxb5 22. Bxb5 Bxf2+ 23. Qxf2 1/2-1/2

[Event "34. Copenhagen Open (Politiken Cup)"]
[Site "Elsinore"]
[Date "2012.08.02"]
[Round "7"]
[White "Poulsen, Iver"]
[Black "Christenson, Bjorn Aa"]
[Result "1-0"]
[WhiteElo "2081"]
[BlackElo "1888"]
[PlyCount "75"]
[EventDate "2012.07.28"]
[EventType "swiss"]
[EventRounds "10"]
[EventCountry "DEN"]
[Source "ChessBase"]
[SourceDate "2012.08.24"]

1. Nf3 d5 2. d4 Nf6 3. c4 c6 4. Nc3 Bf5 5. cxd5 cxd5 6. Qb3 Qb6 7. Nxd5 Nxd5 8.
Qxd5 e6 9. Qb3 Nc6 10. Bd2 Qxb3 11. axb3 Bc2 12. Bc3 Bxb3 13. Nd2 Bc2 14. e3
Bb4 15. Rc1 Bxc3 16. Rxc2 Bb4 17. Bb5 Rc8 18. Ke2 a6 19. Bxc6+ Rxc6 20. Rxc6
bxc6 21. Ra1 a5 22. Nc4 O-O 23. Nxa5 Ra8 24. Nb3 Rb8 25. Nc1 Bd6 26. Nd3 Rb6
27. Ra8+ Bb8 28. Nc5 Rxb2+ 29. Kf3 g5 30. Nd7 g4+ 31. Kxg4 Rxf2 32. Rxb8+ Kg7
33. Kg3 Rf1 34. Rb7 h5 35. Ne5 Rf5 36. Nxc6 Kh6 37. Nd8 Kg6 38. Nxf7 1-0

[Event "34. Copenhagen Open (Politiken Cup)"]
[Site "Elsinore"]
[Date "2012.08.02"]
[Round "7"]
[White "Randlov, Carsten"]
[Black "Yildiz, Hasan"]
[Result "0-1"]
[WhiteElo "1860"]
[BlackElo "2029"]
[PlyCount "102"]
[EventDate "2012.07.28"]
[EventType "swiss"]
[EventRounds "10"]
[EventCountry "DEN"]
[Source "ChessBase"]
[SourceDate "2012.08.24"]

1. e4 d6 2. d4 Nf6 3. Nc3 g6 4. Bc4 Bg7 5. f3 Nbd7 6. Be3 e5 7. Nge2 O-O 8. Qd2
exd4 9. Nxd4 Ne5 10. Be2 Re8 11. O-O-O a6 12. Bh6 Bh8 13. g4 b5 14. h4 Be6 15.
h5 b4 16. Nd5 Nxd5 17. Nxe6 Qf6 18. Bg5 Nd3+ 19. cxd3 Qxe6 20. hxg6 fxg6 21. d4
Nb6 22. Kb1 a5 23. Rh2 Rf8 24. Rdh1 Rf7 25. Qd3 a4 26. Bd1 c5 27. d5 Qe5 28. f4
Qd4 29. Qxd4 Bxd4 30. Rh3 Re8 31. Bc2 Nc4 32. Bxa4 Rxe4 33. Bc2 Re8 34. f5 Ne5
35. fxg6 Nxg6 36. Bf5 Re5 37. Bd8 Re3 38. Be6 Re2 39. Rxh7 Rxe6 40. Rxf7 Re2
41. Rf5 Rxb2+ 42. Kc1 Rxa2 43. Rhf1 b3 44. Bf6 Ra1+ 45. Kd2 Ra2+ 46. Kd3 Ne5+
47. Bxe5 Bxe5 48. Rg5+ Bg7 49. Rf6 c4+ 50. Kxc4 b2 51. Rfg6 Ra7 0-1

[Event "34. Copenhagen Open (Politiken Cup)"]
[Site "Elsinore"]
[Date "2012.08.02"]
[Round "7"]
[White "Rasmussen, Allan Stig"]
[Black "Hansen, Sune Berg"]
[Result "1/2-1/2"]
[WhiteElo "2496"]
[BlackElo "2577"]
[PlyCount "84"]
[EventDate "2012.07.28"]
[EventType "swiss"]
[EventRounds "10"]
[EventCountry "DEN"]
[Source "ChessBase"]
[SourceDate "2012.08.24"]

1. d4 d5 2. c4 c6 3. Nf3 Nf6 4. e3 g6 5. Nc3 Bg7 6. Be2 O-O 7. O-O a6 8. a4 a5
9. Qb3 e6 10. Bd2 Re8 11. Rfd1 b6 12. Qc2 Na6 13. e4 Nb4 14. Qb1 Bb7 15. e5 Nd7
16. Bg5 f6 17. Bh4 Qe7 18. Re1 Qf8 19. exf6 Bxf6 20. Bg3 Qg7 21. Qd1 Rad8 22.
Qd2 e5 23. dxe5 Nxe5 24. Nxe5 Bxe5 25. cxd5 Bxg3 26. hxg3 cxd5 27. Bf3 Rf8 28.
Ne2 d4 29. Nf4 Bc8 30. Ne6 Bxe6 31. Rxe6 Rf6 32. Qg5 Rdf8 33. Rae1 d3 34. Re7
R6f7 35. Bd5 Nxd5 36. Qxd5 Qxb2 37. Rxf7 Rxf7 38. Re8+ Kg7 39. f4 Qc3 40. Rd8
Qc5+ 41. Qd4+ Qxd4+ 42. Rxd4 Rc7 1/2-1/2

[Event "34. Copenhagen Open (Politiken Cup)"]
[Site "Elsinore"]
[Date "2012.08.02"]
[Round "7"]
[White "Rasmussen, Jonas H"]
[Black "Undheim, Bjarne"]
[Result "1/2-1/2"]
[WhiteElo "1673"]
[BlackElo "1817"]
[PlyCount "30"]
[EventDate "2012.07.28"]
[EventType "swiss"]
[EventRounds "10"]
[EventCountry "DEN"]
[Source "ChessBase"]
[SourceDate "2012.08.24"]

1. e4 d5 2. exd5 Nf6 3. Bc4 Nxd5 4. d4 Nb6 5. Bb3 Nc6 6. Be3 Bf5 7. Nf3 e6 8.
O-O Be7 9. c3 O-O 10. Nbd2 Bf6 11. Bc2 Qd5 12. Bb3 Qd8 13. Bc2 Qd5 14. Bb3 Qd8
15. Bc2 Qd5 1/2-1/2

[Event "34. Copenhagen Open (Politiken Cup)"]
[Site "Elsinore"]
[Date "2012.08.02"]
[Round "7"]
[White "Rasmussen, Lars"]
[Black "Skou, Niels"]
[Result "1-0"]
[WhiteElo "1957"]
[BlackElo "2150"]
[PlyCount "55"]
[EventDate "2012.07.28"]
[EventType "swiss"]
[EventRounds "10"]
[EventCountry "DEN"]
[Source "ChessBase"]
[SourceDate "2012.08.24"]

1. e4 c5 2. Nf3 d6 3. d4 cxd4 4. Nxd4 Nf6 5. Nc3 a6 6. Be2 e6 7. O-O Be7 8. f4
Qc7 9. Kh1 b5 10. e5 Nd5 11. Ndxb5 axb5 12. Nxb5 Qb6 13. exd6 Bf6 14. c4 Ba6
15. cxd5 Bxb5 16. Qb3 O-O 17. dxe6 fxe6 18. Bxb5 Qxd6 19. Bc4 Kh8 20. Be3 Nd7
21. Rad1 Qc7 22. Bxe6 Nc5 23. Rc1 Nxb3 24. Rxc7 Nd4 25. Bxd4 Bxd4 26. Rb7 Rae8
27. Bc4 g5 28. g3 1-0